Who built that? : (Registro nro. 26721)
[ vista simple ]
| 000 -LEADER | |
|---|---|
| fixed length control field | 00803cam a2200229 i 4500 |
| 001 - CONTROL NUMBER | |
| control field | 26721 |
| 003 - CONTROL NUMBER IDENTIFIER | |
| control field | Mx-PuUPA |
| 005 - DATE AND TIME OF LATEST TRANSACTION | |
| control field | 20250623131925.0 |
| 008 - FIXED-LENGTH DATA ELEMENTS--GENERAL INFORMATION | |
| fixed length control field | 140415s2014 nyua fr 000 0 eng d |
| 020 ## - INTERNATIONAL STANDARD BOOK NUMBER | |
| International Standard Book Number | 9781616892708 |
| Qualifying information | pasta dura |
| 040 ## - CATALOGING SOURCE | |
| Transcribing agency | Mx-PuUPA |
| Original cataloging agency | Mx-PuUPA |
| Language of cataloging | spa |
| Modifying agency | Mx-PuUPA |
| Description conventions | rda |
| 041 0# - LANGUAGE CODE | |
| Language code of text/sound track or separate title | eng |
| 100 1# - MAIN ENTRY--PERSONAL NAME | |
| Personal name | Cornille, Didier, |
| Dates associated with a name | 1951 |
| 9 (RLIN) | 17217 |
| 245 10 - TITLE STATEMENT | |
| Title | Who built that? : |
| Remainder of title | Skyscrapers / |
| Statement of responsibility, etc. | Didier Cornille |
| 264 #1 - PRODUCTION, PUBLICATION, DISTRIBUTION, MANUFACTURE, AND COPYRIGHT NOTICE | |
| Place of production, publication, distribution, manufacture | New York, New York : |
| Name of producer, publisher, distributor, manufacturer | Princeton Architectural Press, |
| Date of production, publication, distribution, manufacture, or copyright notice | 26 cm |
| 300 ## - PHYSICAL DESCRIPTION | |
| Extent | 83 páginas : |
| Other physical details | ilustraciones en color ; |
| Dimensions | 25 cm |
| 500 ## - GENERAL NOTE | |
| General note | "An introduction to skyscrapers and their architects".-- Portada |
| 650 #7 - SUBJECT ADDED ENTRY--TOPICAL TERM | |
| Topical term or geographic name entry element | Rascacielos |
| Form subdivision | Literatura juvenil |
| General subdivision | Juvenil |
| 942 ## - ADDED ENTRY ELEMENTS (KOHA) | |
| Source of classification or shelving scheme | Dewey Decimal Classification |
| Koha item type | Libro |
| Classification part | 720.483 |
| Item part | C78 |
| Withdrawn status | Lost status | Source of classification or shelving scheme | Damaged status | Not for loan | Collection code | Home library | Current library | Shelving location | Date acquired | Source of acquisition | Total Checkouts | Full call number | Barcode | Date last seen | Price effective from | Koha item type |
|---|---|---|---|---|---|---|---|---|---|---|---|---|---|---|---|---|
| Dewey Decimal Classification | General | Biblioteca Karol Wojtyla | Biblioteca Karol Wojtyla | Sala general | 03/12/2013 | Donación | 720.483 C78 2014 | 49651 | 05/01/2026 | 03/12/2013 | Libro |